| 000 | 00510 a2200181 4500 | ||
|---|---|---|---|
| 001 | 001525 | ||
| 003 | OSt | ||
| 005 | 20211102112219.0 | ||
| 008 | |||
| 082 |
_a301.310973 _bT36E |
||
| 100 | 1 | _aThomas, Janat M. | |
| 245 | 1 |
_aEnvironmental economics _cby Janet M. Thomas |
|
| 250 | _a3rd ed. | ||
| 260 |
_aDelhi _bCengage Learning _c2009 |
||
| 300 | _a480p. | ||
| 690 | _aEnvironmental economics; ial management--Environmental aspects; Management; Economics | ||
| 942 |
_2ddc _cBK |
||
| 999 |
_c37 _d37 |
||